Matemáticas 2 : (Registro nro. 9448)

Detalles MARC
000 -LIDER
fixed length control field 02724nam a2200397 a 4500
001 - NÚMERO DE CONTROL
Identificador de número de control 0000212
003 - IDENTIFICACDOR DE NÚMERO DE CONTROL
control field DO-SdBNP
005 - DATE AND TIME OF LATEST TRANSACTION
control field 20180312110150.0
007 - CAMPOS FIJOS DE DESCRIPCIÓN FÍSICA
fixed length control field 0000212
008 - ELEMENTOS DE LONGITUD FIJA
fixed length control field 150130s 2014 dr ac 000 0 spa d
020 ## - ISBN
International Standard Book Number 9789945118858 (v.1)
020 ## - ISBN
International Standard Book Number 9789945118889 (v.2)
020 ## - ISBN
International Standard Book Number 9789945118827 (v.3)
040 ## - FUENTE DE CATALOGACIÓN
Agencia que crea de manera original el registro BPMSU
Idioma de catalogación spa
Agencia que realiza la transcripción BPMSU
092 ## - LOCALLY ASSIGNED DEWEY DECIMAL CALL NUMBER
Número de clasificación 372.7
Número de ítem (Cutter) S237m, 2do
100 1# - ASIENTO PRINCIPAL -- NOMBRE PERSONAL
Nombre personal Santos, Altagracia
245 10 - MENCIÓN DE TITULO
Título Matemáticas 2 :
Subtítulo educación primaria /
Mención de responsabilidad Altagracia Santos; edición Andrés Molina Maloon
260 ## - PUBLICACIÓN, DISTRIBUCIÓN, ETC. (PIE DE IMPRENTA)
Lugar de publicación, distribución, etc Santo Domingo :
Nombre del editor, distribuidor, etc. Santillana,
Fecha de publicación, distribución, etc 2014.
300 ## - DESCRIPCIÓN FÍSICA
Extensión 3 v.
Otros detalles físicos il., retrs.
Dimensiones 28 cm. +
Material complementario CD - ROOM
490 1# - MENCIÓN DE SERIES
Mención de serie Proyecto todos juntos
505 0# - NOTA DE CONTENIDO
Título v. 1 - Libro; v. 2 - Guía didáctica; v. 3 - Cuaderno, fichas de actividades --
505 0# - NOTA DE CONTENIDO
Información miscelánea v. 1 :
Título Mi nuevo curso --
-- Cuido la naturaleza --
-- Un largo fin de semana --
Información miscelánea Proyecto 1: ¿Qué hacemos a favor de una ciudad sana? --
Título En el huerto escolar --
-- Una tarde deliciosa --
-- Un día para jugar --
-- Pasear por la ciudad --
-- ¡Como estoy creciendo! --
Información miscelánea Proyecto 2: Construcción de un metro de cartulina --
Título Comienza un nuevo día --
-- En la kermesse --
-- En la juguetería --
-- ¡Llegan las vacaciones! --
Información miscelánea Proyecto 3: ¡Hagamos un portalápices! --
505 0# - NOTA DE CONTENIDO
Información miscelánea v. 2 :
-- Guía didáctica: recursos didácticos para el profesorado. --
Título Un proyecto bien fundamentado --
-- Las claves del proyecto --
-- El proyecto todos juntos en el nuevo sistema curricular --
-- Los instrumentos del nuevo sistema curricular --
-- Competencias e indicadores de logro para las matemáticas en el primer ciclo del nivel primario --
-- Secuencia de contenidos del primer ciclo del nivel primario --
-- Materiales para el estudiante --
-- Materiales para el docente --
-- El texto escolar --
-- Los proyectos --
-- El cuaderno de actividades --
-- La guía didáctica --
-- El libromedia --
-- Mapa de contenidos --
505 0# - NOTA DE CONTENIDO
Información miscelánea v. 3 :
-- Cuaderno: fichas de actividades --
Título Mi nuevo curso --
-- Cuido la naturaleza --
-- Un largo fin de semana --
-- En el huerto escolar --
-- Una tarde deliciosa --
-- Un día para jugar --
-- Pasear por la ciudad --
-- ¡Cómo estoy creciendo!
-- Comienza un nuevo día --
-- En la kermese --
-- En la juguetería --
-- ¡Llegan las vacaciones! --
650 ## - ENCABEZAMIENTO DE MATERIA--TEMÁTICO
Término temático o nombre geográfico como elemento de entrada MATEMÁTICAS
Subdivisión temática general ENSEÑANZA BÁSICA
650 ## - ENCABEZAMIENTO DE MATERIA--TEMÁTICO
Término temático o nombre geográfico como elemento de entrada MATEMÁTICAS
Subdivisión geográfica LIBROS DE TEXTOS
650 #4 - ENCABEZAMIENTO DE MATERIA--TEMÁTICO
Término temático o nombre geográfico como elemento de entrada EDUCACIÓN PRMARIA
Subdivisión geográfica REPÚBLICA DOMINICANA
650 #4 - ENCABEZAMIENTO DE MATERIA--TEMÁTICO
Término temático o nombre geográfico como elemento de entrada MATEMÁTICAS
Subdivisión temática general ENSEÑANZA ELEMENTAL
650 #4 - ENCABEZAMIENTO DE MATERIA--TEMÁTICO
Término temático o nombre geográfico como elemento de entrada MATEMÁTICAS
Subdivisión temática general ESTUDIOS Y EJERCICIOS
700 12 - ASIENTO SECUNDARIO -- NOMBRE PERSONAL
Nombre personal Molina Maloon, Andrés,
Mención de responsabilidad ed.
830 #0 - ASIENTO SECUNDARIO DE SERIE--TÍTULO UNIFORME
Título uniforme Proyecto todos juntos
910 ## - VALIDACIÓN
Validación Validado. Control de calidad MFF
942 ## - ADDED ENTRY ELEMENTS (KOHA)
Source of classification or shelving scheme Dewey Decimal Classification
Koha item type Libros
945 ## - INFORMACIÓN DE PROCESAMIENTO LOCAL
Información de procesamiento local Remanejado para BNPHU / 2018 BT
956 ## - LOCAL ELECTRONIC LOCATION AND ACCESS (OCLC)
Nombre de host YLOCKWARD
Número de acceso 10
Información de compresión 20150702
Inicio de sesión BND01
Procesador de solicitud 1429
Existencias
Withdrawn status Lost status Source of classification or shelving scheme Damaged status Not for loan Home library Current library Date acquired Source of acquisition Total Checkouts Full call number Barcode Date last seen Price effective from Koha item type Collection code Copy number
    Dewey Decimal Classification     Biblioteca Pública Metropolitana Salomé Ureña Biblioteca Pública Metropolitana Salomé Ureña 03/31/2016 Donación   372.7 S237m 2do, 2014 v.1 BPMSU16030390 03/30/2016 03/30/2016 Libros    
    Dewey Decimal Classification     Biblioteca Pública Metropolitana Salomé Ureña Biblioteca Pública Metropolitana Salomé Ureña 03/31/2016 Donación   372.7 S237m 2do. 2014 v.1 BPMSU16030338 03/30/2016 03/30/2016 Libros   ej.2
    Dewey Decimal Classification     Biblioteca Pública Metropolitana Salomé Ureña Biblioteca Pública Metropolitana Salomé Ureña 03/31/2016 Donación   372.7 S237m 2do. 2014 v.2 Guía BPMSU16030340 03/30/2016 03/30/2016 Libros    
    Dewey Decimal Classification     Biblioteca Pública Metropolitana Salomé Ureña Biblioteca Pública Metropolitana Salomé Ureña 03/31/2016 Donación   372.7 S237m 2do. 2014 v.2 Guía BPMSU16030379 03/31/2016 03/31/2016 Libros   ej. 2
    Dewey Decimal Classification     Biblioteca Pública Metropolitana Salomé Ureña Biblioteca Pública Metropolitana Salomé Ureña 03/31/2016 Donación   372.7 S237m 2do. 2014 v.2 Guía BPMSU16030380 03/31/2016 03/31/2016 Libros   ej. 3
    Dewey Decimal Classification     Biblioteca Pública Metropolitana Salomé Ureña Biblioteca Pública Metropolitana Salomé Ureña 04/12/2016 Donación   372.7 S237m 2do. 2014 v. 3 Cuaderno BPMSU16040359 04/12/2016 04/12/2016 Libros